La neige au cinéma - Statistiques

Statistiques générales
  • Ce quiz a été pris 994 fois
  • Le résultat moyen est 9 sur 22
Statistiques - réponses
Par images Réponse % Correct
Bambi
96%
La Reine des Neiges
95%
Les Bronzés font du ski
94%
L'Étrange Noël de M. Jack
75%
Mulan
73%
Shining
63%
Un jour sans fin
40%
The Grand Budapest Hotel
38%
L'Empire contre-attaque
37%
Into the Wild
36%
Anatomie d'une chute
34%
Fargo
34%
Les 8 salopards
34%
Snowpiercer
33%
Le Jour d'Après
30%
Eternal Sunshine of the Spotless Mind
24%
Blade Runner 2049
19%
Peau d'Âne
18%
La vie est belle
14%
Les parapluies de Cherbourg
14%
Gremlins
7%
Le Sommet des Dieux
7%
Aucun quiz correspondant
Distribution des résultats
% des personnes avec chaque résultat
Percentile par nombre de réponses
Votre historique - résultats
Vous n’avez pas pris ce quiz